| 000 | 00639aam a2200277 4500 | ||
|---|---|---|---|
| 005 | 20260410161657.0 | ||
| 008 | 150526b xxu||||| |||| 00| 0 spa d | ||
| 020 | _a9788466214636 | ||
| 041 | _aESP | ||
| 082 | _a 613.714.8 R696t | ||
| 100 |
_aRodriguez, Jose _919594 |
||
| 245 | _aTai Chi para todos | ||
| 260 | _aEspaña | ||
| 260 | _bLibsa | ||
| 260 | _c2008 | ||
| 300 | _a192 páginas | ||
| 490 | _aTemática General | ||
| 650 | _aDEFENSA PERSONAL | ||
| 650 | _aTAI CHÍ | ||
| 650 | _aDANZA ENERGETICA | ||
| 650 | _aTERAPIA | ||
| 650 | _aSHENG XING | ||
| 650 | _aTÉCNICAS | ||
| 650 | _aESTILOS | ||
| 942 |
_cBK _2ddc |
||
| 999 |
_c2282 _d2282 |
||